| 000 | 03421cam a2200373 i 4500 | ||
|---|---|---|---|
| 003 | SA-RiAUC | ||
| 005 | 20250717120520.0 | ||
| 008 | 250716s2009____su a f b f001 0 ara c | ||
| 020 | _a9786038002070 | ||
| 024 | 0 | _a00000000352160 | |
| 040 |
_aSA-RiDKA _bara _cSA-RiAUC _dKAC _erda |
||
| 043 | _aa-su--- | ||
| 082 | 0 | 4 |
_a953.1 _qSA-RiAUC |
| 090 |
_a953.1 _bم ع ي |
||
| 100 | 1 |
_aمعيوف، محمد بن معاضة غرمان _eمؤلف. |
|
| 245 | 1 | 2 |
_aالمجامر القديمة في تيماء : _bدراسة آثارية مقارنة / _cمحمد بن معاضة بن معيوف. |
| 264 | 1 |
_aالرياض : _bدارة الملك عبد العزيز، _c2009. |
|
| 300 |
_a265 صفحة : _bإيضاحيات ؛ _c24 × 17 سم. |
||
| 336 |
_aنص _btxt _2rdacontent _3كتاب |
||
| 337 |
_aبدون وسيط _bn _2rdamedia |
||
| 338 |
_aمجلد _bnc _2rdacarrier |
||
| 490 | 1 |
_aإصدارات دارة الملك عبد العزيز ؛ _aسلسلة الرسائل الجامعية ؛ _v229. _v33 |
|
| 500 | _aكشاف : صفحة 223-234. | ||
| 504 | _aببليوجرافية : صفحة 235-246. | ||
| 520 | _aهذا الكتاب يدرس المجامر الفخارية والحجرية القديمة المكتشفة في تيماء خلال مواسم التنقيب التى قامت بها قطاع الآثار بالهيئة العامة للسياحة والآثار في المملكة العربية السعودية، ويقدم عرضاً موجزا عن الاكتشافات الأثرية في هذه المدينة المتميزة بغناها التاريخي حيث كانت ملتقى الطرق التجارية في المنطقة منذ قديم الزمان، ويحصر المجامر الموجودة في متاحف الرياض ويصنفها من حيث الشكل والعجينة والزخرفة، وبين الخاصية التى تتميز بها، ويقارن بينها وبين غيرها من المجامر الأخري في البلدان المجاورة لمعرفة مدى التشابه والاختلاف بينها، كما يصف المجامر الفخارية من حيث عجينتها ولونها وصلابتها وشواؤها وطريقة صناعتها والزخارف التي عليها، والألون المستخدمة في زخرفتها، ويشير الى أحجام المجامر الحجرية ويقرأ الكتابات الواردة عليها.ويتضمن الكتاب أيضا ثبتا لصور المجامر المدروسة فيه، وخرائط طبوغرافية لتيماء، وخرائط كنتورية لبعض المواقع مثل قصر الحمراء الذي وجدت فيه المجامر الحجرية وموقع الصناعية الذي يكتظ بالمدافن وما فيه من معثورات أثرية قيمة. | ||
| 651 | 7 |
_aتيماء (السعودية) _xآثار _2aucsh |
|
| 651 | 7 |
_aتيماء (السعودية) _xتاريخ _2aucsh |
|
| 830 | 0 |
_aإصدارات دارة الملك عبد العزيز _v229 |
|
| 830 | 0 |
_aسلسلة الرسائل الجامعية (دارة الملك عبد العزيز) _v33 |
|
| 856 | 4 | 2 |
_3Book Cover _qJPEG _uhttps://library.ithra.com/bc/00000000352160.jpeg _z>CLICK_TO_VIEW_BOOK_COVER> |
| 856 | 4 | 2 |
_3Table of contents _qPDF _uhttps://library.ithra.com/pdf/.pdf _z>CLICK_TO_ACCESS_TOC> |
| 942 |
_2ddc _cBOOK _n0 |
||
| 949 |
_aSA-JeALM _d250716 _umohamedma123 _n1 |
||
| 999 |
_c10040 _d10040 |
||